000 01420cam a22003134a 4500
001 13704314
003 OSt
005 20240624122349.0
008 040830s2005 enka bd 001 0 eng
010 _a 2004020388
020 _a9780195171983 (acidfree paper)
020 _a0195171985 (acidfree paper)
040 _aDLC
_cmust
_dDLC
042 _apcc
082 0 0 _a530.03 OXF 2005
_222
245 0 4 _aThe Oxford guide to the history of physics and astronomy /
_cedited by J.L. Heilbron.
246 3 0 _aHistory of physics and astronomy
260 _aOxford ;
_aNew York :
_bOxford University Press,
_c2005.
300 _axxi, 358 p. :
_bill. ;
_c25 cm.
504 _aIncludes bibliographical references and index.
650 0 _aPhysics
_xHistory
_vDictionaries.
_917675
650 0 _aAstronomy
_xHistory
_vDictionaries.
_917676
700 1 _aHeilbron, J. L.
_917677
856 4 2 _3Publisher description
_uhttp://www.loc.gov/catdir/enhancements/fy0639/2004020388-d.html
856 4 2 _3Contributor biographical information
_uhttp://www.loc.gov/catdir/enhancements/fy0725/2004020388-b.html
906 _a7
_bcbc
_corignew
_d1
_eecip
_f20
_gy-gencatlg
942 _2z
_cO_SHELF
999 _c8742
_d8742